Progressively Smaller Asian Cities - Statistics

General Stats
  • This quiz has been taken 78 times
  • The average score is 52 of 100
Answers on the Map
Answers color-coded by a green-red scale on the quiz's map according to % correct below.
 
Answer Stats
Country Population City % Correct
China 21,893,095 Beijing
100%
Japan 39,105,000 Tokyo
100%
India 16,349,831 Delhi
98%
Pakistan 18,868,021 Karachi
97%
Iraq 8,080,012 Baghdad
95%
Thailand 8,305,218 Bangkok
95%
Vietnam 14,002,598 Ho Chi Minh City
95%
Philippines 13,484,482 Manila
95%
Iran 8,693,706 Tehran
95%
Bangladesh 10,278,882 Dhaka
93%
Saudi Arabia 7,009,100 Riyadh
92%
China 14,678,000 Shenzhen
89%
Türkiye 5,246,281 Ankara
87%
India 6,748,026 Chennai
87%
Afghanistan 5,333,284 Kabul
87%
United Arab Emirates 4,945,000 Dubai
85%
Azerbaijan 2,344,900 Baku
84%
Cambodia 2,352,851 Phnom Penh
84%
North Korea 3,157,538 Pyongyang
84%
Yemen 2,545,000 Sanaa
84%
Israel 1,388,400 Tel Aviv
84%
Mongolia 1,672,627 Ulaanbaatar
82%
Sri Lanka 2,323,826 Colombo
80%
Saudi Arabia 2,385,509 Mecca
80%
Uzbekistan 2,575,431 Tashkent
80%
Kazakhstan 2,341,900 Almaty
79%
Syria 2,799,960 Damascus
79%
Armenia 1,086,677 Yerevan
79%
Tajikistan 1,228,400 Dushanbe
77%
Oman 1,720,000 Muscat
77%
Indonesia 6,373,373 Surabaya
77%
Myanmar 5,160,512 Yangon
77%
Japan 2,337,864 Nagoya
75%
Japan 1,959,750 Sapporo
75%
South Korea 3,343,903 Busan
74%
China 4,054,000 Ürümqi
74%
China 9,341,685 Nanjing
70%
Indonesia 7,203,000 Bandung
69%
Myanmar 1,319,452 Mandalay
69%
India 3,046,163 Jaipur
66%
Iran 2,219,343 Isfahan
64%
Indonesia 3,632,000 Medan
64%
China 5,736,383 Dalian
62%
Vietnam 1,660,122 Da Nang
62%
Philippines 1,232,958 Davao
62%
Pakistan 3,691,999 Faisalabad
62%
Iraq 1,485,000 Basra
61%
Türkiye 2,200,000 Bursa
61%
Yemen 863,000 Aden
57%
China 3,866,555 Xiamen
57%
Taiwan 2,986,000 Kaohsiung
52%
Thailand 1,198,000 Chiang Mai
51%
China 464,736 Lhasa
49%
Indonesia 1,474,393 Makassar
49%
Japan 1,098,335 Sendai
49%
Malaysia 858,118 Johor Bahru
48%
Türkiye 1,835,508 Gaziantep
46%
India 4,581,268 Kanpur
44%
Kyrgyzstan 650,000 Osh
43%
Pakistan 1,565,546 Quetta
43%
China 5,691,024 Changchun
38%
Lebanon 863,000 Tripoli
38%
Indonesia 1,801,367 Palembang
36%
Pakistan 1,905,975 Peshawar
36%
Georgia 234,949 Batumi
33%
India 2,091,811 Visakhapatnam
31%
Indonesia 1,077,664 Bandar Lampung
30%
India 1,994,397 Indore
26%
Iran 1,325,000 Ahvaz
23%
Indonesia 757,418 Balikpapan
23%
Vietnam 4,199,824 Cần Thơ
21%
China 1,031,396 Sanya
21%
China 2,564,918 Yinchuan
21%
Kazakhstan 497,777 Karaganda
20%
Oman 440,000 Salalah
20%
Kazakhstan 404,129 Atyrau
18%
Turkmenistan 208,697 Mary
18%
India 1,475,000 Raipur
18%
Syria 531,952 Raqqa
18%
Jordan 569,068 Irbid
16%
Iran 946,651 Kermanshah
16%
Afghanistan 568,013 Mazar-i-Sharif
16%
Uzbekistan 332,500 Nukus
16%
Nepal 600,051 Pokhara
16%
United Arab Emirates 873,839 Al Ain
15%
Bangladesh 712,288 Sylhet
15%
India 957,730 Thiruvananthapuram
15%
China 2,249,300 Luoyang
13%
Saudi Arabia 594,350 Tabuk
13%
Philippines 624,787 Bacolod
11%
India 629,659 Jamshedpur
10%
Malaysia 372,615 Tawau
10%
South Korea 629,618 Jeonju
8%
Iran 587,730 Zahedan
8%
Iraq 747,261 Najaf
7%
China 2,319,640 Xiangyang
7%
Kuwait 393,432 Al Jahra
5%
China 385,700 Bayannur
5%
Iran 350,676 Gorgan
5%
Myanmar 253,734 Mawlamyine
5%
No matching quizzes found
Score Distribution
Percent of People with Each Score
Percentile by Number Answered
Your Score History
You have not taken this quiz